00218nam a2200097Ia 4500008004100000100001300041245002400054260001800078942000700096999001700103190216s9999||||xx |||||||||||||| ||und|| aAyyaneth 0aHawwayude Puthrimar bCurrent Books cBK c23557d23557